| 000 | 00590nam a2200193 a 4500 | ||
|---|---|---|---|
| 001 | 2624 | ||
| 003 | CDMR | ||
| 005 | 20131023095652.0 | ||
| 008 | 130130s1965||||||||||||||||||||||||||||d | ||
| 040 |
_aCDMR _bcat _cCDMR |
||
| 100 | 1 |
_aVázquez, Jesús María _91671 |
|
| 245 | 1 | 4 |
_aLos dibujos animados en televisión _cJesús María Vázquez |
| 260 |
_aMadrid _c1965 _bServicio de Formación de Televisión Española |
||
| 300 | _a158 p. | ||
| 650 | 0 | 4 |
_93122 _aTelevisió _xProgrames |
| 650 | 0 | 4 |
_92508 _aTelevisió i infants |
| 650 | 0 | 4 |
_9688 _aCinematografia _xAspectes socials |
| 942 |
_cMON _2udc |
||
| 999 |
_c2624 _d2624 |
||